Diseño de un sistema de alerta contra inundaciones para la comunidad de Nosara, Guanacaste
Збережено в:
| Автор: | |
|---|---|
| Інші автори: | |
| Формат: | Книга |
| Мова: | Spanish |
| Опубліковано: |
[San Jose], Costa Rica
2022
|
| Предмети: |
CUENCA DEL RIO NOSARA (GUANACASTE, COSTA RICA) - EVALUACION
> OBSERVATORIOS METEOROLOGICOS - NOSARA (NICOYA, GUANACASTE, COSTA RICA)
> CONTROL DE INUNDACIONES - NOSARA (NICOYA, GUANACASTE, COSTA RICA)
> ESTACIONES HIDROLOGICAS - NOSARA (NICOYA, GUANACASTE, COSTA RICA)
> CLIMATOLOGIA - NOSARA (NICOYA, GUANACASTE, COSTA RICA)
|
| Теги: |
Додати тег
Немає тегів, Будьте першим, хто поставить тег для цього запису!
|
MARC
| LEADER | 00000nam a2200000Ia 4500 | ||
|---|---|---|---|
| 003 | 013689 | ||
| 005 | 20230714142455.0 | ||
| 008 | 140116s2022 cr a 000 ||spa d | ||
| 040 | |c cru CEDI | ||
| 100 | |a Marr Hernando, Patrick John, 1993- |9 965 | ||
| 245 | |a Diseño de un sistema de alerta contra inundaciones para la comunidad de Nosara, Guanacaste | ||
| 260 | |a [San Jose], Costa Rica |c 2022 | ||
| 500 | |a Proyecto de graduación (licenciatura en ingeniería civil)--Universidad de Costa Rica. Facultad de Ingeniería. Escuela de Ingeniería Civil, | ||
| 501 | |a Director de Proyecto de Graduación: Ing. Rafael Murillo Muñoz, Ph.D | ||
| 650 | |x CUENCA DEL RIO NOSARA (GUANACASTE, COSTA RICA) - EVALUACION |x OBSERVATORIOS METEOROLOGICOS - NOSARA (NICOYA, GUANACASTE, COSTA RICA) |x CONTROL DE INUNDACIONES - NOSARA (NICOYA, GUANACASTE, COSTA RICA) |x ESTACIONES HIDROLOGICAS - NOSARA (NICOYA, GUANACASTE, COSTA RICA) |x CLIMATOLOGIA - NOSARA (NICOYA, GUANACASTE, COSTA RICA) | ||
| 700 | |9 165 |a Murillo Muñoz, Rafael Eduardo, 1970- |d Director del TFG | ||
| 942 | |c CEDI |h TFG 8840 |6 TFG_8840_000000000000000 | ||
| 999 | |c 13299 |d 13299 | ||
